Gestión de riesgos para la prevención y mitigación de desastres en el patrimonio documental / Sofia Borrego Alonso...[et al].-- edición (Record no. 9362)
[ view plain ]
| 000 -LEADER | |
|---|---|
| campo de control de longitud fija | 00490nam a2200157Ia 4500 |
| 001 - NÚMERO DE CONTROL | |
| campo de control | 2514 |
| 008 - DATOS DE LONGITUD FIJA--INFORMACIÓN GENERAL | |
| campo de control de longitud fija | 241024s9999 xx 000 0 und d |
| 020 ## - NÚMERO INTERNACIONAL ESTÁNDAR DEL LIBRO | |
| Número Internacional Estándar del Libro | 978-9945-020-71-7 |
| 082 ## - NÚMERO DE LA CLASIFICACIÓN DECIMAL DEWEY | |
| Número de clasificación | RD/363.34/G393b |
| 100 ## - ENTRADA PRINCIPAL--NOMBRE DE PERSONA | |
| Nombre de persona | [*SIN AUTOR*] |
| 245 #0 - MENCIÓN DEL TÍTULO | |
| Título | Gestión de riesgos para la prevención y mitigación de desastres en el patrimonio documental / Sofia Borrego Alonso...[et al].-- edición |
| 260 ## - PUBLICACIÓN, DISTRIBUCIÓN, ETC. | |
| Nombre del editor, distribuidor, etc. | Editora Búho |
| Fecha de publicación, distribución, etc. | 2009 |
| 590 ## - NOTA LOCAL (RLIN) | |
| Nota local | si |
| 901 ## - ELEMENTOS DE DATOS A LOCAL LDA (RLIN) | |
| a | 20/9/2012 8:45:56 a.m. |
No items available.